000 00623nam a2200205 i 4500
001 86626
003 ES-MaACL
005 20250826150741.0
007 t|
008 041214s1972 sp ||||1| spa d
100 1 _aKaufmann, Arnold.
_967646
245 1 0 _aSubhombres y supermáquinas /
_cArnold Kaufmann, Jacques Pezé ; [traducción de Rosa Ma Bassols].
250 _a[1ª ed.].
260 _a[Barcelona] :
_bPlaza & Janés,
_c[1972]
300 _a275 p. ;
_c22 cm.
700 1 _aPezé, Jacques.
_991610
700 0 _aBassols, Rosa María
_926334
852 _aES-MaACL
_jC-43726
_bR.83252
999 _c86626
_d86626